|
|
|
|
| LEADER |
01675nam a22003852a 4500 |
| 001 |
001887676 |
| 003 |
CZ BrMZK |
| 005 |
20240229114914.0 |
| 007 |
ta |
| 008 |
240229s1927 xr abf er|||||||||||cze d |
| 015 |
|
|
|a cnb000986227
|z cnb000933852
|
| 020 |
|
|
|q (Váz.)
|
| 035 |
|
|
|a (OCoLC)21907046
|
| 040 |
|
|
|a ABA001
|b cze
|c ABA001
|d ABA001
|
| 072 |
|
7 |
|a 355/359
|x Vojenství. Obrana země. Ozbrojené síly
|2 Konspekt
|9 15
|
| 080 |
|
|
|a 355.318.2
|2 MRF
|
| 080 |
|
|
|a (437)
|2 MRF
|
| 080 |
|
|
|a (450)
|2 MRF
|
| 080 |
|
|
|a (093.3)
|2 MRF
|
| 100 |
1 |
|
|a Bednařík, František,
|d 1892-1944
|7 jk01011327
|4 aut
|
| 245 |
1 |
0 |
|a V boj! :
|b obrázková kronika československého revolučního hnutí v Italii 1915-1918 /
|c píše František Bednařík ; vydává a obrazovou část řídí Otakar Vaněk
|
| 260 |
|
|
|a Praha :
|b Za Svobodu,
|c 1927
|
| 300 |
|
|
|a 945 s. :
|b il. (některé barevné), portréty :
|c 28 cm +
|e 1 slož. mapa
|
| 500 |
|
|
|a V tiráži vročení 1927-1930
|
| 500 |
|
|
|a Péčí Památníku odboje a Sdružení italských legionářů
|
| 504 |
|
|
|a Obsahuje bibliografii a rejstřík
|
| 610 |
2 |
7 |
|a Československé legie
|7 kn20020322444
|2 czenas
|
| 650 |
0 |
7 |
|a zahraniční vojenské jednotky
|7 ph137529
|z Československo
|y 1914-1918
|2 czenas
|
| 650 |
0 |
7 |
|a zahraniční vojenské jednotky
|7 ph137529
|z Itálie
|y 1914-1918
|2 czenas
|
| 655 |
|
7 |
|a kroniky
|7 fd132684
|2 czenas
|
| 856 |
4 |
1 |
|u http://www.digitalniknihovna.cz/mzk/uuid/uuid:5e7f3f90-85a2-11e2-aa2b-005056827e51
|y Digitalizovaný dokument
|x NDK
|
| 910 |
|
|
|a BOA001
|b 4-1520.486
|
| 990 |
|
|
|a BK
|
| 991 |
|
|
|b 202401
|
| 996 |
6 |
|
|b 2610962077
|c 4-1520.486
|l MZK
|r Sklad / do 1 hodiny
|n 0
|p dar
|w 001955859
|u 000010
|a 1
|e BOA001
|j MZK50
|s P
|